'FUN' Facts Quiz Stats

 Plays Quiz Updated Apr 19, 2020

     
Support Sporcle.
Go Orange.
Score 0/27 Timer 06:00
3 Plays Today
Category Answer % Correct
US StatesNebraska...
95.5%
US StatesFlorida
92.8%
RelativesUncle
92.7%
NATO Member CountriesFrance
92%
US StatesUtah
90.5%
RelativesNephew...
88.8%
ElementsNitrogen...
88.3%
RelativesFather...
86.8%
PrepositionsUnder...
86.8%
PrepositionsFrom...
86.8%
NATO Member CountriesUnited States...
85%
NATO Member CountriesNetherlands...
82.8%
ElementsUranium
82.8%
Pope NamesFrancis...
78.8%
Category Answer % Correct
PrepositionsNear...
66.4%
ElementsFermium...
60.4%
Rock and Roll Hall of Fame BandsU2
44.4%
Rock and Roll Hall of Fame BandsNirvana...
41%
World CapitalsNairobi...
40.2%
Pope NamesUrban
36.2%
Pope NamesNicholas
32.8%
World CapitalsUlaanbaatar
31.1%
World CapitalsFreetown...
27.2%
Oscar Best PicturesForrest Gump...
26%
Oscar Best PicturesUnforgiven
24.3%
Rock and Roll Hall of Fame BandsFleetwood Mac...
21.5%
Oscar Best PicturesNo Country for Old Men....
16.3%

From the Vault

25 Years of Action Movies II

by lolshortee

Movies 8m
Actions speak louder than words.
Remove Ads.
Support Sporcle.
Get the best of Sporcle when you Go Orange. This ad-free experience offers more features, more stats, and more fun while also helping to support Sporcle. Thank you for becoming a member.

Show Comments

Extras

Top Quizzes Today


Score Distribution

Your Account Isn't Verified!

In order to create a playlist on Sporcle, you need to verify the email address you used during registration. Go to your Sporcle Settings to finish the process.

Report this User

Report this user for behavior that violates our Community Guidelines.

Details: